Easy Quiz (lost track) :) - Statistics

General Stats
  • This quiz has been taken 55 times
  • The average score is 14 of 15
Answer Stats
Hint Answer % Correct
10+10 20
100%
40+3 43
100%
3+3 6
100%
what is 5+5 10
96%
what is 10x10 100
94%
7+7 14
94%
3X5 15
94%
What is 4x50 200
94%
Is africa a country or a continent Continent
94%
Is brazil a country or continent Country
94%
What is the 3 color in the rainbow yellow
94%
who is president Joe Biden
91%
what is the first color of the rainbow Red
91%
What holiday is at the end of october Halloween
89%
Where is the U.S ( name CONTINENT) North America
85%
No matching quizzes found
Score Distribution
Percent of People with Each Score
Percentile by Number Answered
Your Score History
You have not taken this quiz